Städte und Gemeinden im Erzgebirgskreis - Sudden Death - Statistiken

Allgemein
  • Dieses Quiz wurde 32 mal gespielt
  • Das Durchschnittsergebnis liegt bei 3 aus 10
Answers on the Grid
Answers color-coded by a green-red scale on the quiz's grid according to % correct below.
Annaberg-Buchholz
Augustusburg
Brand-Erbisdorf
Cämmerswalde
Dorfchemnitz
Freiberg
Grünhainichen
Johanngeorgenstadt
Marienberg
Morgenröthe-Rautenkranz
Mulda
Neuhausen
Olbernhau
Raschau-Markersbach
Rechenberg-Bienenmühle
Sayda
Scheibenberg
Schneeberg
Schwarzenberg
Seiffen
 
Antwortstatistiken
Antwort % Korrekt
Annaberg-Buchholz
88%
Grünhainichen
31%
Johanngeorgenstadt
25%
Marienberg
19%
Schneeberg
19%
Schwarzenberg
19%
Seiffen
19%
Olbernhau
13%
Scheibenberg
13%
Raschau-Markersbach
6%
Keine übereinstimmenden Quizze gefunden
Verteilung der Resultate
Anzahl Personen mit jedem Resultat
Perzentil nach korrekt beantworteten Fragen
Ihre Resultats-Entwicklung
Sie haben dieses Quiz noch nicht gespielt